000
00304nam a2200121Ia 4500
008
191201s2009 xx 000 0 und d
100
_a
MAITRAY, Mohan
245
0
_a
Bhartiya Chetna Evam Chintan
260
_a
N. delhi
_b
Kalpana Prakashan
_c
2009
300
_a
321
650
_a
General Books
942
_2
ddc
_c
BK
999
_c
738
_d
738